000 00506 a2200157 4500
005 20250429101108.0
020 _a0-07-229902-9
082 _a658.155 HIL
100 _aHILTON, R. W.
245 _aThe Management Strategies for Business Decisions.
260 _aNew York,
_bMcGraw-Hill,
_c2000.
300 _aXivi, 962p.: ill.; picture
_bBibliographical references and Index
_c28cm.
700 _aMAHER, M. W. & SELTO, F. H.
856 _yAccess Online Book
_fBusiness
_dhttp://www.mhhe.com
942 _2ddc
_cBKS
999 _c1761
_d1761